<?xml version="1.0" encoding="UTF-8"?><?xml-stylesheet type="text/xsl" href="static/style.xsl"?><OAI-PMH xmlns="http://www.openarchives.org/OAI/2.0/" xmlns:xsi="http://www.w3.org/2001/XMLSchema-instance" xsi:schemaLocation="http://www.openarchives.org/OAI/2.0/ http://www.openarchives.org/OAI/2.0/OAI-PMH.xsd"><responseDate>2026-04-13T06:35:50Z</responseDate><request verb="GetRecord" identifier="oai:www.recercat.cat:2117/79586" metadataPrefix="marc">https://recercat.cat/oai/request</request><GetRecord><record><header><identifier>oai:recercat.cat:2117/79586</identifier><datestamp>2025-07-23T04:55:15Z</datestamp><setSpec>com_2072_1033</setSpec><setSpec>col_2072_452951</setSpec></header><metadata><record xmlns="http://www.loc.gov/MARC21/slim" xmlns:dcterms="http://purl.org/dc/terms/" xmlns:xsi="http://www.w3.org/2001/XMLSchema-instance" xmlns:doc="http://www.lyncode.com/xoai" xsi:schemaLocation="http://www.loc.gov/MARC21/slim http://www.loc.gov/standards/marcxml/schema/MARC21slim.xsd">
   <leader>00925njm 22002777a 4500</leader>
   <datafield ind2=" " ind1=" " tag="042">
      <subfield code="a">dc</subfield>
   </datafield>
   <datafield ind2=" " ind1=" " tag="720">
      <subfield code="a">Muñoz Montes, Alba</subfield>
      <subfield code="e">author</subfield>
   </datafield>
   <datafield ind2=" " ind1=" " tag="260">
      <subfield code="c">2015-11</subfield>
   </datafield>
   <datafield ind2=" " ind1=" " tag="520">
      <subfield code="a">El objetivo de este trabajo es encontrar e implementar un método para organizar los trenes&#xd;
que concurren en una misma estación previamente definida. En otras palabras, el método&#xd;
diseñado se implementará para que se asigne a los trenes que llegan y se quedan un largo&#xd;
tiempo en la estación, a los que empiezan y a los que están de paso, sus respectivos&#xd;
andenes por los que pasar o parar.&#xd;
Se ha buscado entre diversos algoritmos existentes cuál es el mejor candidato para el caso&#xd;
que se plantea. Se han seleccionado dos algoritmos, un algoritmo de caminos mínimos,&#xd;
concretamente el algoritmo de Dijkstra, y un algoritmo de acoplamiento, concretamente el&#xd;
algoritmo húngaro. Se han desarrollado y adaptado para tener en cuenta todos los aspectos&#xd;
de este proyecto, entre otros, las preferencias de cada tren con cada andén, la línea y&#xd;
dirección de dichos trenes y la ocupación de los andenes.&#xd;
Se ha creado un programa informático en el lenguaje Python, que sirve para cualquier tipo&#xd;
de estación. Para distinguir una estación de otra, hace falta que se realicen unos pasos&#xd;
previos para introducir las características de dicha estación a estudiar. Estos pasos&#xd;
consisten en rellenar una hoja de cálculo OpenOffice, de una forma muy específica que se&#xd;
detalla a lo largo del proyecto. Se trata de ir introduciendo el número de andenes, las líneas&#xd;
de trenes que pasan, empiezan o acaban en esa estación, las preferencias de andén de&#xd;
cada línea en particular, el tiempo que se tarda en ir de un andén a otro y el horario de&#xd;
trenes de la estación de un día completo.&#xd;
La asignación que se ha obtenido garantiza que ningún tren colisiona con otro tren. Desde el&#xd;
momento en que un tren llega a la estación hasta que se marcha, el programa ocupa todos&#xd;
los recursos que utiliza en todo instante de tiempo.</subfield>
   </datafield>
   <datafield tag="653" ind2=" " ind1=" ">
      <subfield code="a">Àrees temàtiques de la UPC::Enginyeria civil::Infraestructures i modelització dels transports::Infraestructures i transport ferroviari</subfield>
   </datafield>
   <datafield tag="653" ind2=" " ind1=" ">
      <subfield code="a">Railroads -- Traffic</subfield>
   </datafield>
   <datafield tag="653" ind2=" " ind1=" ">
      <subfield code="a">Railroad stations – Management</subfield>
   </datafield>
   <datafield tag="653" ind2=" " ind1=" ">
      <subfield code="a">Railroad stations – Planning</subfield>
   </datafield>
   <datafield tag="653" ind2=" " ind1=" ">
      <subfield code="a">Algorithms</subfield>
   </datafield>
   <datafield tag="653" ind2=" " ind1=" ">
      <subfield code="a">Estacions de ferrocarrils -- Direcció i administració</subfield>
   </datafield>
   <datafield tag="653" ind2=" " ind1=" ">
      <subfield code="a">Estacions de ferrocarrils -- Planificació</subfield>
   </datafield>
   <datafield tag="653" ind2=" " ind1=" ">
      <subfield code="a">Algorismes</subfield>
   </datafield>
   <datafield ind2="0" ind1="0" tag="245">
      <subfield code="a">Diseño e implementación de un método para la gestión de trenes en una estación de ferrocarril semi-terminal</subfield>
   </datafield>
</record></metadata></record></GetRecord></OAI-PMH>